[Event "Box Hill op"]
[Site "Box Hill"]
[Date "2019.11.08"]
[Round "3"]
[White "Ilic, Goran1111"]
[Black "Raine, Marcus"]
[Result "0-1"]
[WhiteElo "1568"]
[BlackElo "1915"]
[PlyCount "77"]
[EventDate "2019.10.18"]
[EventType "swiss"]
[EventRounds "9"]
[EventCountry "AUS"]
[SourceTitle "EXT 2021"]
[Source "ChessBase"]
[SourceDate "2020.10.23"]
[SourceVersion "1"]
[SourceVersionDate "2020.10.23"]
[SourceQuality "1"]

1. e4 Nf6 2. Nc3 e5 3. f4 d5 4. Nf3 dxe4 5. Nxe5 Bb4 6. Bc4 0-0 7. 0-0 Nc6 8. Nxc6 bxc6 9. d4 exd3 10. Qxd3 Bc5+ 11. Kh1 Ng4 12. Bxf7+ Kh8 13. Qxd8 Rxd8 14. Ne4 Bb6 15. h3 Bf5 16. hxg4 Bxe4 17. Bb3 Rd6 18. f5 Rad8 19. Re1 Rd1 20. Bg5 Rxa1 21. Rxa1 Rf8 22. Re1 Bd5 23. Re7 h5 24. c4 Bg8 25. Bc2 hxg4 26. Re4 Rxf5 27. Rxg4 Rf1+ 28. Kh2 Bf7 29. Rh4+ Kg8 30. Bd3 Re1 31. b3 Bg1+ 32. Kg3 Bc5 33. Bh7+ Kf8 34. Re4 Ra1 35. Re2 Rf1 36. Kh2 Bh5 37. Rd2 Bd6+ 38. g3 Bf3 39. Kh3 0-1

[Event "Victoria-ch reserves"]
[Site "Melbourne"]
[Date "2006.10.26"]
[Round "9"]
[White "Raine, Marcus"]
[Black "Frost, Peter"]
[Result "1/2-1/2"]
[WhiteElo "1880"]
[BlackElo "1749"]
[PlyCount "102"]
[EventDate "2006.10.05"]
[EventType "tourn"]
[EventRounds "8"]
[EventCountry "AUS"]
[SourceTitle "EXT 2008"]
[Source "ChessBase"]
[SourceDate "2007.11.25"]
[SourceVersion "1"]
[SourceVersionDate "2007.11.25"]
[SourceQuality "1"]

1. e4 c5 2. Nf3 Nc6 3. Bb5 g6 4. 0-0 Bg7 5. Re1 Nf6 6. e5 Nd5 7. Nc3 Nc7 8. Bf1 0-0 9. a4 d6 10. exd6 exd6 11. h3 Bf5 12. d3 h6 13. Nb5 Nd5 14. c3 a6 15. Na3 Qd7 16. Qb3 Be6 17. Nc4 g5 18. Bd2 Rae8 19. Re2 g4 20. hxg4 Bxg4 21. Rxe8 Rxe8 22. Nh2 Be6 23. Qd1 Nf6 24. Bf4 d5 25. Nd2 Ng4 26. Ndf3 Bf5 27. Nh4 Nxh2 28. Kxh2 Bg4 29. Qd2 h5 30. f3 Qd8 31. g3 Bc8 32. Re1 Ne5 33. Bxe5 Bxe5 34. f4 Bg7 35. Rxe8+ Qxe8 36. Bg2 Qxa4 37. Bxd5 Qe8 38. Nf3 Qd7 39. c4 Qh3+ 40. Kg1 Qxg3+ 41. Kh1 Qh3+ 42. Qh2 Qxh2+ 43. Kxh2 Bxb2 44. Ng5 a5 45. Bxf7+ Kf8 46. Bxh5 Bf5 47. Ne4 a4 48. Bd1 Bxe4 49. dxe4 a3 50. Bb3 Ke7 51. Kg3 Kf6 1/2-1/2

[Event "Victoria-ch reserves"]
[Site "Melbourne"]
[Date "2006.10.24"]
[Round "8"]
[White "Dizdarevic, Mehmedalija"]
[Black "Raine, Marcus"]
[Result "1-0"]
[WhiteElo "1956"]
[BlackElo "1880"]
[PlyCount "97"]
[EventDate "2006.10.05"]
[EventType "tourn"]
[EventRounds "8"]
[EventCountry "AUS"]
[SourceTitle "EXT 2008"]
[Source "ChessBase"]
[SourceDate "2007.11.25"]
[SourceVersion "1"]
[SourceVersionDate "2007.11.25"]
[SourceQuality "1"]

1. e4 c5 2. Nf3 e6 3. d4 cxd4 4. Nxd4 a6 5. Nc3 Qc7 6. Bd3 Nc6 7. Be3 Nxd4 8. Bxd4 Ne7 9. 0-0 Nc6 10. Be3 b5 11. f4 Bb7 12. Qf3 Rc8 13. Qg3 Na5 14. Rae1 Nc4 15. Bc1 g6 16. Qh3 Bg7 17. Nd1 e5 18. f5 f6 19. Bh6 Qc5+ 20. Kh1 Qe7 21. Bc1 Nd6 22. Bd2 g5 23. Bb4 h5 24. Qf3 Bf8 25. Qf2 Qd8 26. b3 Qc7 27. Bd2 Nf7 28. b4 d5 29. c3 Nd6 30. exd5 Bxd5 31. Bxg5 Rg8 32. h4 Qb7 33. Rg1 fxg5 34. Rxe5+ Kd8 35. hxg5 Rxg5 36. Ne3 Bc6 37. Qf4 Nf7 38. Re6 Rc7 39. Rg6 Bd6 40. Rxd6+ Nxd6 41. Qxg5+ Kc8 42. Qg8+ Ne8 43. f6 Kb8 44. Bg6 Rc8 45. Qe6 Ka8 46. f7 Nc7 47. Qd6 Nd5 48. Nxd5 Bxd5 49. f8Q 1-0

[Event "Box Hill Autumn Cup"]
[Site "Box Hill"]
[Date "2005.02.18"]
[Round "3"]
[White "Raine, Marcus"]
[Black "Nemeth, Janos2222"]
[Result "0-1"]
[WhiteElo "1905"]
[BlackElo "2025"]
[PlyCount "74"]
[EventDate "2005.02.04"]
[EventType "swiss"]
[EventRounds "4"]
[EventCountry "AUS"]
[SourceTitle "EXT 2010"]
[Source "ChessBase"]
[SourceDate "2010.11.25"]
[SourceVersion "1"]
[SourceVersionDate "2010.11.25"]
[SourceQuality "1"]

1. c4 Nf6 2. Nc3 g6 3. e4 d6 4. Nge2 c5 5. g3 Bg7 6. Bg2 0-0 7. 0-0 Nc6 8. d3 a6 9. h3 b5 10. cxb5 axb5 11. Nxb5 Qb6 12. Nbc3 Ba6 13. Nf4 Rfb8 14. Re1 e6 15. Bf1 Nd7 16. Ng2 Nde5 17. Ne3 Nb4 18. Nc4 Bxc4 19. dxc4 Nf3+ 20. Qxf3 Nc2 21. Qd3 Nxa1 22. Nb5 Rxa2 23. Rd1 Be5 24. f4 Bg7 25. Rd2 d5 26. exd5 exd5 27. Qb1 Ra4 28. Rxd5 Nb3 29. Be3 Rba8 30. Qd3 Nd4 31. Nxd4 cxd4 32. Rxd4 Bxd4 33. Bxd4 Rd8 34. Bxb6 Rxd3 35. Kf2 Rd2+ 36. Be2 Ra2 37. Ke3 Rdxb2 0-1

[Event "Begonia op 38th"]
[Site "Ballarat"]
[Date "2004.03.07"]
[Round "5"]
[White "Sorokina, Anastasia"]
[Black "Raine, Marcus"]
[Result "1-0"]
[WhiteElo "2197"]
[BlackElo "2164"]
[PlyCount "39"]
[EventDate "2004.03.06"]
[EventType "swiss"]
[EventRounds "7"]
[EventCountry "AUS"]
[SourceTitle "EXT 2007"]
[Source "ChessBase"]
[SourceDate "2006.11.23"]
[SourceVersion "1"]
[SourceVersionDate "2006.11.23"]
[SourceQuality "1"]

1. e4 c5 2. Nf3 e6 3. d4 cxd4 4. Nxd4 a6 5. Nc3 Qc7 6. Be2 Nf6 7. 0-0 Nc6 8. Be3 b5 9. Nxc6 dxc6 10. f4 Bb7 11. Bf3 c5 12. e5 Rd8 13. Qe2 Nd5 14. Nxd5 Bxd5 15. Bxd5 exd5 16. a4 d4 17. Bf2 c4 18. axb5 axb5 19. e6 f6 20. Qh5+ 1-0

[Event "Melbourne CC-ch"]
[Site "Melbourne"]
[Date "2004.??.??"]
[Round "?"]
[White "Raine, Marcus"]
[Black "Pecori, Ascaro"]
[Result "0-1"]
[WhiteElo "2164"]
[BlackElo "2168"]
[PlyCount "188"]
[EventDate "2004.??.??"]
[EventType "swiss"]
[EventRounds "6"]
[EventCountry "AUS"]
[SourceTitle "EXT 2007"]
[Source "ChessBase"]
[SourceDate "2006.11.23"]
[SourceVersion "1"]
[SourceVersionDate "2006.11.23"]
[SourceQuality "1"]

1. d4 Nf6 2. c4 d6 3. Nc3 g6 4. e4 Bg7 5. Nf3 Nc6 6. Be2 a6 7. 0-0 0-0 8. d5 Nb8 9. h3 c5 10. e5 dxe5 11. Nxe5 Ne8 12. Nd3 b6 13. Bf4 Nd7 14. Qd2 Nd6 15. b3 Nf5 16. Rfe1 Nd4 17. Rad1 Bb7 18. Bf1 Bc8 19. Ne2 Nf5 20. Ng3 Nxg3 21. Bxg3 Bb7 22. Bf4 Re8 23. Bg5 Nf8 24. Qf4 f6 25. Bh6 g5 26. Bxg5 fxg5 27. Qxg5 Qd6 28. Nf4 Qh6 29. Qg3 Kh8 30. Bd3 Bf6 31. Re2 Bg5 32. Ne6 Nxe6 33. Rxe6 Bf6 34. Rxb6 Rg8 35. Qe3 Qg7 36. Be4 Bd4 37. Qh6 Qxh6 38. Rxh6 Rg7 39. Re1 Rf8 40. Re2 Bc8 41. Kf1 Bf6 42. Ke1 Bd7 43. g4 Kg8 44. f3 a5 45. a4 Rb8 46. Bc2 Be8 47. h4 Bg6 48. Kd1 Bxc2+ 49. Kxc2 Rf7 50. f4 Bg7 51. Rhe6 Rxf4 52. Rxe7 Rxg4 53. d6 Bf6 54. Rc7 Rxh4 55. Rg2+ Kf8 56. Rf2 Rh6 57. Rxc5 Ke8 58. Rxa5 Kd7 59. c5 Bd4 60. Ra7+ Kc6 61. Rc7+ Kd5 62. Rd2 Rh3 63. b4 Rxb4 64. d7 Rb2+ 65. Kc1 Rh1+ 66. Rd1 Rxd1+ 67. Kxd1 Bf6 68. c6 Kd6 69. Rc8 Rb6 70. c7 Kxd7 71. Rb8 Rd6+ 72. Ke2 Kxc7 73. Ra8 Kb7 74. Rf8 h6 75. Kf3 Bd8 76. Rf4 Ka6 77. Kg4 Bg5 78. Re4 Ka5 79. Kh5 Bd2 80. Rg4 Rd5+ 81. Kh4 Be1+ 82. Kh3 h5 83. Re4 Bb4 84. Kh4 Kxa4 85. Kh3 Kb3 86. Re3+ Kc2 87. Re2+ Bd2 88. Rg2 Kd1 89. Rg1+ Be1 90. Rf1 Ke2 91. Rf8 Bf2 92. Re8+ Kf1 93. Re4 Rd3+ 94. Kh2 Bg1+ 0-1

[Event "Box Hill FIDE"]
[Site "Melbourne"]
[Date "2003.08.07"]
[Round "9"]
[White "Bekker, Gary"]
[Black "Raine, Marcus"]
[Result "0-1"]
[WhiteElo "1901"]
[BlackElo "2212"]
[PlyCount "90"]
[EventDate "2003.05.??"]
[EventType "tourn"]
[EventRounds "9"]
[EventCountry "AUS"]
[SourceTitle "EXT 2005"]
[Source "ChessBase"]
[SourceDate "2004.11.15"]
[SourceVersion "1"]
[SourceVersionDate "2004.11.15"]
[SourceQuality "1"]

1. e4 c5 2. Nf3 e6 3. d4 cxd4 4. Nxd4 a6 5. Nc3 Qc7 6. Bd3 b5 7. Be3 Bb7 8. 0-0 Nf6 9. f3 Nc6 10. Qd2 Ne5 11. Qf2 Nc4 12. Bxc4 Qxc4 13. Rfd1 d5 14. exd5 Nxd5 15. Nxd5 Bxd5 16. Qg3 f6 17. c3 Kf7 18. Rd2 Rc8 19. Kh1 g6 20. Nc2 h5 21. Bd4 Qc7 22. Qxc7+ Rxc7 23. Bb6 Rb7 24. Bf2 a5 25. a3 Be7 26. Rad1 Bb3 27. Kg1 h4 28. Be3 g5 29. Kf2 e5 30. Kf1 b4 31. axb4 axb4 32. cxb4 Rc8 33. Bc5 Bxc5 34. bxc5 Rxc5 35. Ne3 Bxd1 36. Nxd1 Ke6 37. Ke2 Rd7 38. Rxd7 Kxd7 39. Kd2 Ke6 40. g3 hxg3 41. hxg3 Rc8 42. Ne3 Rh8 43. Nf1 Rh1 44. Ne3 Rh2+ 45. Kc3 Rf2 0-1

[Event "Box Hill op"]
[Site "Box Hill"]
[Date "2001.09.28"]
[Round "4.7"]
[White "Raine, Marcus"]
[Black "Lugo, Ruperto"]
[Result "1-0"]
[WhiteElo "1931"]
[BlackElo "1586"]
[PlyCount "125"]
[EventDate "2001.09.??"]
[EventType "swiss"]
[EventRounds "7"]
[EventCountry "AUS"]
[SourceTitle "EXT 2003"]
[Source "ChessBase"]
[SourceDate "2002.11.25"]
[SourceVersion "1"]
[SourceVersionDate "2002.11.25"]
[SourceQuality "1"]

1. Nf3 Nf6 2. c4 c5 3. Nc3 d6 4. e3 g6 5. d4 Bg7 6. dxc5 dxc5 7. Qxd8+ Kxd8 8. Ng5 Ke8 9. Nb5 Na6 10. f3 h6 11. Nh3 Bd7 12. Nc3 e5 13. a3 Ke7 14. Nf2 Nc7 15. Nd3 Kd6 16. b4 Ne6 17. Bb2 Bc6 18. 0-0-0 cxb4 19. Nxe5+ Ke7 20. Nd5+ Bxd5 21. cxd5 Rac8+ 22. Kb1 Rhd8 23. e4 Ne8 24. axb4 Nf8 25. b5 Nd6 26. Bd3 Bxe5 27. Bxe5 Rc5 28. Bd4 Rc7 29. e5 Nxb5 30. Bxb5 Rxd5 31. Ba4 Rc4 32. Bb3 Rb4 33. Bb2 Ra5 34. Kc2 Rc5+ 35. Bc3 Rb6 36. Rd5 Rc8 37. Rhd1 Rbc6 38. R1d3 Ne6 39. Kb2 Ke8 40. Ba4 Nf4 41. Bxc6+ bxc6 42. R5d4 Nxd3+ 43. Rxd3 c5 44. Ba5 c4 45. Rd4 Rc5 46. Bb4 Rb5 47. Kc3 Rxe5 48. Re4 Rxe4 49. fxe4 Kd7 50. Kxc4 Kc6 51. e5 a6 52. h4 h5 53. Ba5 Kd7 54. Kd5 g5 55. hxg5 h4 56. Be1 Ke7 57. Bxh4 Kd7 58. Be1 Ke7 59. Bb4+ Kd7 60. g4 a5 61. Bxa5 Ke7 62. Bb4+ Kd7 63. g6 1-0

[Event "Box Hill CC-ch"]
[Site "Box Hill"]
[Date "2000.06.30"]
[Round "9.6"]
[White "Raine, Marcus"]
[Black "Flude, David A"]
[Result "1-0"]
[WhiteElo "1870"]
[BlackElo "1789"]
[PlyCount "61"]
[EventDate "2000.??.??"]
[EventType "swiss"]
[EventRounds "9"]
[EventCountry "AUS"]
[SourceTitle "EXT 2003"]
[Source "ChessBase"]
[SourceDate "2002.11.25"]
[SourceVersion "1"]
[SourceVersionDate "2002.11.25"]
[SourceQuality "1"]

1. d4 e5 2. dxe5 Nc6 3. Nf3 Qe7 4. Bf4 Qb4+ 5. Bd2 Qxb2 6. Nc3 Bb4 7. Rb1 Qa3 8. Rb3 Qa5 9. e4 Qc5 10. Nd5 Bxd2+ 11. Qxd2 Qa5 12. Qxa5 Nxa5 13. Nxc7+ Kd8 14. Nxa8 Nxb3 15. cxb3 b6 16. Bc4 Ne7 17. Ng5 Rf8 18. Nxf7+ Ke8 19. Nd6+ Kd8 20. 0-0 Nc6 21. f4 g5 22. g3 gxf4 23. gxf4 Nd4 24. Kg2 b5 25. Bd5 Ba6 26. f5 b4 27. Rc1 Ne2 28. Rc7 Nc3 29. Rxa7 Bd3 30. Nb6 Nxd5 31. Rxd7# 1-0

[Event "Box Hill CC-ch"]
[Site "Box Hill"]
[Date "2000.06.23"]
[Round "8.6"]
[White "Nemeth, Janos2222"]
[Black "Raine, Marcus"]
[Result "1/2-1/2"]
[WhiteElo "1855"]
[BlackElo "1870"]
[PlyCount "103"]
[EventDate "2000.??.??"]
[EventType "swiss"]
[EventRounds "9"]
[EventCountry "AUS"]
[SourceTitle "EXT 2003"]
[Source "ChessBase"]
[SourceDate "2002.11.25"]
[SourceVersion "1"]
[SourceVersionDate "2002.11.25"]
[SourceQuality "1"]

1. e4 b6 2. Nf3 Bb7 3. Nc3 e6 4. d4 Bb4 5. Bd3 Nf6 6. Qe2 c5 7. dxc5 Bxc3+ 8. bxc3 bxc5 9. e5 Nd5 10. c4 Nb4 11. 0-0 N8c6 12. Be3 Qa5 13. a3 Nxd3 14. Qxd3 Qc7 15. Rfd1 Rd8 16. Rab1 Ba6 17. Bxc5 Nxe5 18. Nxe5 Qxc5 19. Qd6 Qxd6 20. Rxd6 Bc8 21. Rbd1 Ke7 22. c5 f6 23. Nc4 Bb7 24. Na5 Be4 25. R1d4 f5 26. f3 Bd5 27. c4 Ba8 28. Ra6 Rc8 29. Rxa7 Rhd8 30. a4 Rxc5 31. Nb3 Rcc8 32. f4 Bc6 33. Nc5 Ra8 34. Rc7 Bxa4 35. Nxa4 Rxa4 36. Rd1 Ra6 37. c5 Rc6 38. Rdxd7+ Rxd7 39. Rxc6 Rd4 40. Rc7+ Kf6 41. g3 Rd2 42. c6 Rc2 43. Rc8 h6 44. c7 Kf7 45. h4 Ke7 46. Rg8 Rxc7 47. Rxg7+ Kd6 48. Rxc7 Kxc7 49. Kf2 Kd6 50. Ke3 Kc5 51. Kd3 h5 52. Kc3 1/2-1/2

[Event "Box Hill Autumn Cup"]
[Site "Box Hill"]
[Date "2000.03.31"]
[Round "9.6"]
[White "Raine, Marcus"]
[Black "Nissen, Amir"]
[Result "0-1"]
[WhiteElo "1700"]
[BlackElo "1477"]
[PlyCount "56"]
[EventDate "2000.??.??"]
[EventType "swiss"]
[EventRounds "9"]
[EventCountry "AUS"]
[SourceTitle "EXT 2003"]
[Source "ChessBase"]
[SourceDate "2002.11.25"]
[SourceVersion "1"]
[SourceVersionDate "2002.11.25"]
[SourceQuality "1"]

1. Nf3 c5 2. e3 g6 3. d4 b6 4. dxc5 bxc5 5. Qd5 Nc6 6. Qxc5 Bg7 7. Bb5 Bb7 8. Bxc6 Bxc6 9. Nbd2 Nf6 10. 0-0 0-0 11. Nd4 Bb7 12. N2b3 d6 13. Qa5 Qc8 14. Bd2 Ne4 15. Bb4 Be5 16. f3 Ng5 17. c3 h5 18. Qa3 h4 19. Nd2 a5 20. Bxa5 Bxd4 21. cxd4 Qf5 22. b4 h3 23. e4 Qf4 24. Rf2 hxg2 25. Rxg2 Rfc8 26. Re1 Rc2 27. Qe3 Nh3+ 28. Kh1 Qxe3 0-1

[Event "Box Hill Autumn Cup"]
[Site "Box Hill"]
[Date "2000.03.03"]
[Round "5.1"]
[White "Raine, Marcus"]
[Black "Gluzman, Mikhail"]
[Result "0-1"]
[WhiteElo "1700"]
[BlackElo "2358"]
[PlyCount "54"]
[EventDate "2000.??.??"]
[EventType "swiss"]
[EventRounds "9"]
[EventCountry "AUS"]
[SourceTitle "EXT 2003"]
[Source "ChessBase"]
[SourceDate "2002.11.25"]
[SourceVersion "1"]
[SourceVersionDate "2002.11.25"]
[SourceQuality "1"]

1. d4 c5 2. d5 Nf6 3. g3 g6 4. Bg2 Bg7 5. e4 d6 6. Ne2 0-0 7. Nbc3 Qa5 8. 0-0 b5 9. Qe1 b4 10. Nd1 Ba6 11. f3 Nbd7 12. Ne3 e6 13. dxe6 fxe6 14. f4 Rad8 15. g4 d5 16. f5 exf5 17. exf5 d4 18. Nd5 Rde8 19. Bf3 Bxe2 20. Nxf6+ Nxf6 21. Bxe2 d3 22. cxd3 Nxg4 23. fxg6 Bd4+ 24. Kg2 Nf2 25. Qd2 Qb6 26. Qh6 Qb7+ 27. Kg3 Rxe2 0-1